Captive bride

Bibliographic Details
Main Author: Lindsey, Johanna
Format: Book
Published: London : Seven House Publishers , 1989
Subjects:

MARC

LEADER 00000cam a2200000 7i4500
001 0000001333
002 000001468
005 20000330.0
020 |a 0727816349 
090 0 0 |a F   |b LIN 
100 1 |a Lindsey, Johanna 
245 1 0 |a Captive bride   |c Johanna Lindsey 
260 |a London :   |b Seven House Publishers ,   |c 1989 
300 |a 313p. ;   |c 22cm. 
650 0 0 |a Romance fiction 
999 |a 030807   |b BUKU   |c PINJAMAN   |e PERPUSTAKAAN KOMUNITI PETALING JAYA